000 00502nam a22001817a 4500
005 20150924163953.0
010 _aENG-113662
020 _a9788189430665
_c200.00
035 _aEN-97194
037 _bDBAD/PUB
082 _aN
100 _aKriyananda, Swami
245 _aLove perfected, life divine :
_cby Swami Kriyananda
_ba novel /
260 _aGurgaon
_bAnanda Sangha Publications
_c2010
270 _bGurgaon
_aB-10/8, DLF Phase- I
300 _a229p.
_c22cm(pbk)
942 _2ddc
_cEN
_mKRI
_hN
999 _c95229
_d95229